Diccionario de sinónimos

Shranjeno v:
Bibliografske podrobnosti
Glavni avtor: Gili Gaya, Samuel (Author)
Format: Knjiga
Jezik:španščina
Izdano: Barcelona Bibliograf 1981
Izdaja:8a. ed
Teme:
Oznake: Označite
Brez oznak, prvi označite!

MARC

LEADER 00000nam a2200000 a 4500
001 UCV7123
003 CL-VaPUC
008 880429e19810000SP |||||||||||||||||spa|d
082 0 4 |a 413.1  |b GIL  |2 21 
100 |a Gili Gaya, Samuel  |e author  |9 524203 
245 1 0 |a Diccionario de sinónimos 
250 |a 8a. ed 
300 |a 357 p 
942 |c BK 
945 |d 19880429 00:00:00 
260 |a Barcelona  |b Bibliograf  |c 1981 
650 0 |a Español  |9 255372 
650 0 |a Sinónimos y antónimos   |9 255373 
650 0 |a Diccionarios  |9 256200 
583 |a last modification  |c 19880429 00:00:00  |k Rodrigo Vera 
999 |c 212856  |d 212854